<?xml version="1.0" encoding="UTF-8"?>
<record
    xmlns:xsi="http://www.w3.org/2001/XMLSchema-instance"
    xsi:schemaLocation="http://www.loc.gov/MARC21/slim http://www.loc.gov/standards/marcxml/schema/MARC21slim.xsd"
    xmlns="http://www.loc.gov/MARC21/slim">

  <leader>00781nam a22002177a 4500</leader>
  <controlfield tag="003">OSt</controlfield>
  <controlfield tag="005">20240705092401.0</controlfield>
  <controlfield tag="008">240705b           ||||| |||| 00| 0 eng d</controlfield>
  <datafield tag="022" ind1=" " ind2=" ">
    <subfield code="2">22780661</subfield>
  </datafield>
  <datafield tag="040" ind1=" " ind2=" ">
    <subfield code="c">AIMIT LIBRARY</subfield>
  </datafield>
  <datafield tag="082" ind1=" " ind2=" ">
    <subfield code="a">005.368 </subfield>
    <subfield code="b">COME</subfield>
  </datafield>
  <datafield tag="110" ind1=" " ind2=" ">
    <subfield code="a">IOSR</subfield>
    <subfield code="9">172637</subfield>
  </datafield>
  <datafield tag="245" ind1=" " ind2=" ">
    <subfield code="a">IOSR journal of computer engineering /</subfield>
    <subfield code="c">By IOSR.</subfield>
  </datafield>
  <datafield tag="260" ind1=" " ind2=" ">
    <subfield code="b">Scientific Commons</subfield>
    <subfield code="c">2012,2013,2014.</subfield>
  </datafield>
  <datafield tag="300" ind1=" " ind2=" ">
    <subfield code="b">HB</subfield>
    <subfield code="c">28.5 cm</subfield>
  </datafield>
  <datafield tag="440" ind1=" " ind2=" ">
    <subfield code="a">IOSR journal of computer engineering.</subfield>
    <subfield code="v">Vol.3 No.6/2012,Vol.4 No.1-4/2013,Vol.16 No.4-6/2014</subfield>
    <subfield code="9">172638</subfield>
  </datafield>
  <datafield tag="650" ind1=" " ind2=" ">
    <subfield code="a">Role of the various functionaries in regular surveillance</subfield>
    <subfield code="9">172639</subfield>
  </datafield>
  <datafield tag="650" ind1=" " ind2=" ">
    <subfield code="a">A middleware approach for high level overlay network</subfield>
    <subfield code="9">172640</subfield>
  </datafield>
  <datafield tag="650" ind1=" " ind2=" ">
    <subfield code="a">Issues in sentiment analysis</subfield>
    <subfield code="9">172641</subfield>
  </datafield>
  <datafield tag="942" ind1=" " ind2=" ">
    <subfield code="2">ddc</subfield>
    <subfield code="c">BV</subfield>
    <subfield code="k">005.368 COME</subfield>
  </datafield>
  <datafield tag="999" ind1=" " ind2=" ">
    <subfield code="c">231388</subfield>
    <subfield code="d">231388</subfield>
  </datafield>
  <datafield tag="952" ind1=" " ind2=" ">
    <subfield code="0">0</subfield>
    <subfield code="1">0</subfield>
    <subfield code="2">ddc</subfield>
    <subfield code="4">0</subfield>
    <subfield code="7">0</subfield>
    <subfield code="8">MCA</subfield>
    <subfield code="a">AIMIT</subfield>
    <subfield code="b">AIMIT</subfield>
    <subfield code="c">BV</subfield>
    <subfield code="d">2024-07-05</subfield>
    <subfield code="h">Vol.3 No.6/2012,Vol.4 No.1-4/2013,Vol.16 No.4-6/2014.</subfield>
    <subfield code="l">0</subfield>
    <subfield code="o">005.368  COME</subfield>
    <subfield code="p">BVI179</subfield>
    <subfield code="r">2024-07-05 00:00:00</subfield>
    <subfield code="w">2024-07-05</subfield>
    <subfield code="y">BV</subfield>
  </datafield>
</record>
